Patología y terapéutica especiales de los animales domésticos / (Record no. 81634)

MARC details
000 -LEADER
campo de control de longitud fija 00976nam a2200253 i 4500
001 - NÚMERO DE CONTROL
campo de control 81634
003 - IDENTIFICADOR DE NÚMERO DE CONTROL
campo de control ES-MaACL
005 - FECHA Y HORA DE LA ÚLTIMA TRANSACCIÓN
campo de control 20250815115026.0
007 - CAMPO FIJO DE DESCRIPCIÓN FÍSICA--INFORMACIÓN GENERAL
campo de control de longitud fija t|
008 - DATOS DE LONGITUD FIJA--INFORMACIÓN GENERAL
campo de control de longitud fija 041105s1947 sp ||||1| spa d
245 00 - MENCIÓN DEL TÍTULO
Título Patología y terapéutica especiales de los animales domésticos /
Mención de responsabilidad, etc. por Franz v. Hutyra ... [et al.] ; traducida por Pedro Tarreras.
250 ## - MENCION DE EDICION
Mención de edición 8ª ed. ref. y aum.
260 ## - PUBLICACIÓN, DISTRIBUCIÓN, ETC.
Lugar de publicación, distribución, etc. Barcelona :
Nombre del editor, distribuidor, etc. Labor,
Fecha de publicación, distribución, etc. 1947 (
Fabricante Imp. Ibero-Americana)
300 ## - DESCRIPCIÓN FÍSICA
Extensión 2 v. :
Otras características físicas il. ;
Dimensiones 25 cm.
505 8# - NOTA DE CONTENIDO CON FORMATO
Nota de contenido con formato Contiene: I. Enfermedades infecciosas / por Rudolf Manninger - II. Enfermedades de los órganos / por Josef Marek.
650 #7 - PUNTO DE ACCESO ADICIONAL DE MATERIA--TÉRMINO DE MATERIA
Término de materia o nombre geográfico como elemento de entrada Patología veterinaria
Fuente del encabezamiento o término embne
9 (RLIN) 136667
650 #7 - PUNTO DE ACCESO ADICIONAL DE MATERIA--TÉRMINO DE MATERIA
Término de materia o nombre geográfico como elemento de entrada Terapéutica veterinaria
Fuente del encabezamiento o término embne
9 (RLIN) 17482
700 1# - ENTRADA AGREGADA--NOMBRE PERSONAL
Nombre de persona Hutyra, Ferenc (
Fechas asociadas al nombre 1860-1934)
9 (RLIN) 172942
700 1# - ENTRADA AGREGADA--NOMBRE PERSONAL
Nombre de persona Tarreras, Pedro.
9 (RLIN) 109340
700 1# - ENTRADA AGREGADA--NOMBRE PERSONAL
Nombre de persona Manninger, Rudolf.
9 (RLIN) 76071
700 1# - ENTRADA AGREGADA--NOMBRE PERSONAL
Nombre de persona Marek, Josef.
9 (RLIN) 76583
852 ## - LOCALIZACIÓN
Ubicación ES-MaACL
Número de control de estantería E-2319-20
Holdings
Estatus retirado Estado de pérdida Estado de daño No para préstamo Biblioteca de origen Biblioteca actual Ubicación en estantería Fecha de adquisición Fuente de adquisición Total de préstamos Signatura topográfica completa Código de barras Visto por última vez Precio de reemplazo Tipo de ítem Koha
        Biblioteca del Ateneo de Madrid Biblioteca del Ateneo de Madrid Depósito 2 17/01/2008     E-2319-20 1085329 23/02/2023 23/02/2023 Libro impreso